000 01000nam a22003017a 4500
003 CHAP
005 20220329135706.0
008 971013s1981 mx r 00010 spa d
010 _a40658
011 _a41630
035 _a45756
040 _cCHAP
090 _aFolleto 7380
100 0 0 _aFlores Mata, Gaudencio.
_941633
245 1 0 _aPosibilidades agrícolas de los suelos tropicales de Méxco
_c/por Gaudencio Flores Mata
260 _aMéxico, D.F. :
_bSubdirección de Agrología,
_c1981
300 _a29 p.
590 _aBATCH-UPD
_b10
_c20130110
_lUCH01
_h1850
590 _aBATCH-UPD
_b10
_c20130410
_lUCH01
_h1219
590 _aBATCH-UPD
_b10
_c20130914
_lUCH01
_h1709
590 _aCONVERSION
_b10
_c20130109
_lUCH01
_h1322
650 1 4 _aSuelos tropicales.
_9110563
650 1 4 _aSuelos
_xMéxico.
_9110441
901 _aBK
942 _cFOLL
949 _aFolleto 7380
_bBC
_cFOLL
_d-104412
_eTS1
_i45756
_mD
_si
949 _aFolleto 7380
_bBC
_cFOLL
_d33724002306272
_eTS2
_fc.2
_gDonaciØn
_i45756
_sb
999 _c40658
_d40658